[Event "Santiago CALF op"]
[Site "Santiago de Chile"]
[Date "2003.05.17"]
[Round "9.3"]
[White "Morales Gonzalez, Rodrigo"]
[Black "Mardones Moncada, Alvaro"]
[Result "1/2-1/2"]
[WhiteElo "2086"]
[BlackElo "1925"]
[PlyCount "141"]
[EventDate "2003.??.??"]
[EventType "swiss"]
[EventRounds "9"]
[EventCountry "CHI"]
[SourceTitle "EXT 2004"]
[Source "ChessBase"]
[SourceDate "2003.11.25"]
[SourceVersion "1"]
[SourceVersionDate "2003.11.25"]
[SourceQuality "1"]

1. e4 e5 2. Nf3 Nc6 3. Bb5 a6 4. Ba4 Nf6 5. 0-0 Be7 6. Re1 b5 7. Bb3 d6 8. c3 0-0 9. h3 Na5 10. Bc2 c5 11. d4 Qc7 12. Nbd2 cxd4 13. cxd4 Nc6 14. d5 Nb4 15. Bb1 a5 16. a3 Na6 17. b3 Nc5 18. Bb2 Ba6 19. Bc2 b4 20. Rc1 Qb7 21. Nf1 Bxf1 22. Kxf1 a4 23. bxa4 b3 24. Bd3 Nxa4 25. Qe2 Nd7 26. Bb5 Nxb2 27. Bxd7 Qxd7 28. Qxb2 Rfb8 29. Rc3 Qb5+ 30. Kg1 Qa4 31. Nd2 Qxa3 32. Qxa3 Rxa3 33. Rb1 f5 34. exf5 Ra5 35. Rcxb3 Rxb3 36. Rxb3 Rxd5 37. Ne4 Rd1+ 38. Kh2 d5 39. Rb7 Kf8 40. Nc3 Rd3 41. Nb5 d4 42. Nc7 g6 43. Nd5 Bg5 44. Rxh7 gxf5 45. Rh5 Kf7 46. Rxg5 Ke6 47. Nc7+ Kd6 48. Na6 Ra3 49. Nb4 Rb3 50. Nc2 d3 51. Rg8 dxc2 52. Rc8 Rb2 53. h4 Ke6 54. Kg3 f4+ 55. Kf3 Rb3+ 56. Ke2 Rb2 57. Kd3 c1Q 58. Rxc1 Rxf2 59. Ke4 Re2+ 60. Kf3 Re3+ 61. Kf2 Ra3 62. Rh1 Ra8 63. h5 Rh8 64. Kf3 Kf5 65. h6 e4+ 66. Kf2 Rh7 67. g3 fxg3+ 68. Kxg3 Kg6 69. Kf4 Rxh6 70. Rg1+ Kh7 71. Kxe4 1/2-1/2

[Event "Santiago CALF op"]
[Site "Santiago de Chile"]
[Date "2003.??.??"]
[Round "5.11"]
[White "Cabezas Tisnado, Gonzalo"]
[Black "Mardones Moncada, Alvaro"]
[Result "0-1"]
[WhiteElo "1251"]
[BlackElo "1925"]
[PlyCount "48"]
[EventDate "2003.??.??"]
[EventType "swiss"]
[EventRounds "9"]
[EventCountry "CHI"]
[SourceTitle "EXT 2004"]
[Source "ChessBase"]
[SourceDate "2003.11.25"]
[SourceVersion "1"]
[SourceVersionDate "2003.11.25"]
[SourceQuality "1"]

1. c4 e5 2. Nc3 Nc6 3. d3 g6 4. g3 Bg7 5. Bg2 Nge7 6. Nh3 d6 7. 0-0 0-0 8. f4 f5 9. fxe5 Nxe5 10. Nd5 c6 11. Ndf4 h6 12. d4 Nxc4 13. b3 Nb6 14. e4 fxe4 15. Bxe4 g5 16. Ng6 Nxg6 17. Bxg6 Bxh3 18. Rxf8+ Qxf8 19. Be3 Nd5 20. Qd2 Qf6 21. Re1 Nxe3 22. Qf2 Qxf2+ 23. Kxf2 Bxd4 24. Bh5 Nc2+ 0-1